[Event "BI-2015-F-0000"]
[Site "LSS email"]
[Date "2015.02.12"]
[Round "?"]
[White "Gyimesi, Jeno"]
[Black "Gubo, Jozef"]
[Result "0-1"]
[WhiteElo "1975"]
[BlackElo "2072"]
[PlyCount "128"]
[EventDate "2015.02.11"]
[EventType "tourn (corr)"]
[EventRounds "10"]
[EventCountry "GER"]
[SourceTitle "Corr 2022"]
[Source "ChessBase"]
[SourceDate "2021.10.24"]
[SourceVersion "1"]
[SourceVersionDate "2021.10.24"]
[SourceQuality "1"]

1. e4 e5 2. Nf3 Nc6 3. Bc4 Nf6 4. Ng5 d5 5. exd5 b5 6. Bf1 Nb4 7. Bxb5+ Bd7 8. Bxd7+ Qxd7 9. 0-0 Nfxd5 10. Re1 f6 11. Ne4 Nc6 12. Nbc3 Be7 13. Nxd5 Qxd5 14. Nc3 Qd7 15. Qh5+ g6 16. Qf3 Rd8 17. d3 0-0 18. a3 Nd4 19. Qd1 c5 20. b3 Qe6 21. Rb1 Qc6 22. Ne2 Rd7 23. Bb2 Re8 24. Qd2 Rc8 25. Ng3 Qa6 26. Nf1 Bf8 27. Rbd1 Qb7 28. Qc3 Bh6 29. Rb1 Bf4 30. Bc1 Kg7 31. Be3 Bxe3 32. fxe3 Nb5 33. Qa1 Rf8 34. Rbd1 Qb6 35. Nd2 Nd6 36. Re2 Rff7 37. Rf1 Rde7 38. Qc3 e4 39. Ref2 Re6 40. Rf4 exd3 41. cxd3 Nf5 42. Nc4 Qd8 43. R4f3 Rd7 44. Rd1 Qe7 45. Kf2 h5 46. Re1 Qd8 47. Nb2 Rb6 48. Rb1 Nh6 49. Ke2 Qb8 50. Nc4 Re6 51. Rbf1 Nf5 52. Kf2 Qxh2 53. Rh3 Qb8 54. Kg1 Ng3 55. Re1 g5 56. e4 h4 57. b4 Qd8 58. Nb2 cxb4 59. axb4 Qb6+ 60. Kh2 Qf2 61. Nd1 Qf4 62. Kg1 Ra6 63. d4 Ra2 64. Qe3 Re2 0-1